000 00533nam a2200181Ia 4500
001 10083
005 20260306161805.0
008 260306t1981||||xx |||||||||||||| ||spa||
041 _aESP
082 _aGR 883
_bB141 Nº 41
100 _aMontero Cartelle, Enrique
_eAUT
245 0 _aPriapeos. Grafitos amatorios pompeyanos. La velada de la fiesta de venus. El concùbito de marte y venus. Centón nupcial
260 _c1981
300 _a247 páginas :
_c19 cm.
650 _aGEN
654 _aCHU
942 _cLIB
_dJUS
_fJUS
_2ddc
_n
999 _c10083
_d10083